Rasskazy

Podrobná bibliografia
Hlavný autor: Čechov, Anton Pavlovič, 1860-1904 (Autor)
Médium: Kniha
Jazyk:neznámy jazyk
Fyzický popis:255 s.
Vydavateľské údaje: Moskva Gosudarstvennoje izdateľstvo chudožestvennoj literatury 1958

MARC

LEADER 00000nam a2200000 a 4500
001 vtls001383228
003 SK-MaSNL
005 20260301074731.0
008 240314s1958 xx 0 und
035 |a SNK000337301 
040 |a SNK  |b slo  |c SNK  |e AACR2 
100 1 |a Čechov, Anton Pavlovič,  |d 1860-1904  |4 aut  |9 98221 
245 1 0 |a Rasskazy 
260 |a Moskva  |b Gosudarstvennoje izdateľstvo chudožestvennoj literatury  |c 1958 
300 |a 255 s. 
999 |c 648043  |d 649973 
952 |t P60, <05>, [BOOK], {605}  |a SNK  |b SNK  |y PREZ  |7 0  |p 17A0133360  |o snkID 61197  |0 0  |1 0  |4 0  |d 2000-02-19  |l 0  |r 2005-01-02 00:00:00  |w 2026-02-23